[Event "Bronshoj Lang Weekend 2014"]
[Site "Bronshoj"]
[Date "2014.02.10"]
[Round "7"]
[White "Vovk, Oksana"]
[Black "Ronsted, Torben"]
[Result "1/2-1/2"]
[WhiteElo "2083"]
[BlackElo "2011"]
[PlyCount "77"]
[EventDate "2014.??.??"]
[EventType "swiss"]
[EventRounds "7"]
[EventCountry "DEN"]


1. d4 d5 2. c4 dxc4 3. e3 e5 4. Bxc4 exd4 5. exd4 Nf6 6. Nc3 Bd6 7. Bg5 O-O 8.
Nge2 h6 9. Bh4 Bf5 10. Qb3 Nc6 11. Qxb7 Nb4 12. Qf3 Nc2+ 13. Kf1 Bg4 14. Qxg4
Nxg4 15. Bxd8 Nxa1 16. Bh4 Nc2 17. Bd3 Nb4 18. Bf5 h5 19. a3 Na6 20. Bd3 Nb8
21. Be4 c6 22. Nb5 cxb5 23. Bxa8 Nxh2+ 24. Ke1 Ng4 25. Bg5 b4 26. f3 Nd7 27.
Bc6 Ngf6 28. axb4 Bxb4+ 29. Kf2 g6 30. Rc1 a5 31. Nc3 Kg7 32. Ne4 Rb8 33. Bxd7
Nxd7 34. Rc7 Nb6 35. Bf4 Rc8 36. Be5+ Kf8 37. Rxc8+ Nxc8 38. b3 Ke7 39. Ke3
1/2-1/2

[Event "Bronshoj Lang Weekend 2014"]
[Site "Bronshoj"]
[Date "2014.02.10"]
[Round "7"]
[White "Jorgensen, Mikkel"]
[Black "Luther, Lasse"]
[Result "1/2-1/2"]
[WhiteElo "1811"]
[BlackElo "2014"]
[PlyCount "103"]
[EventDate "2014.??.??"]
[EventType "swiss"]
[EventRounds "7"]
[EventCountry "DEN"]


1. e4 c5 2. Nf3 e6 3. c3 Nf6 4. Bd3 Nc6 5. O-O Be7 6. Re1 e5 7. Bc2 d6 8. h3
Qa5 9. d3 O-O 10. Nbd2 b5 11. Nf1 b4 12. Bd2 Qc7 13. a3 bxc3 14. bxc3 Rb8 15.
Ne3 g6 16. Rb1 Bd7 17. Rxb8 Rxb8 18. Qa1 Na5 19. Rb1 Bc6 20. Rxb8+ Qxb8 21. Qa2
Kg7 22. Bc1 Qb7 23. Nd2 d5 24. f3 dxe4 25. fxe4 Nh5 26. Ndc4 Nxc4 27. Nxc4 Qc7
28. Bd1 Nf4 29. Bxf4 exf4 30. Bf3 Bb5 31. Be2 Bh4 32. Nd2 Qd7 33. Nf3 Bg3 34.
d4 Bxe2 35. Qxe2 cxd4 36. cxd4 Qc6 37. Qb2 Qa4 38. d5+ Kh6 39. Qc1 Qxe4 40. d6
Qe6 41. Qd2 Qb3 42. Kh1 Qb1+ 43. Ng1 Qb8 44. d7 Bh4 45. Ne2 Bg5 46. Nxf4 Qb1+
47. Kh2 Qb8 48. g3 Kg7 49. Qd4+ Bf6 50. Qd2 Bg5 51. Qd4+ Bf6 52. Qd2 1/2-1/2

[Event "Bronshoj Lang Weekend 2014"]
[Site "Bronshoj"]
[Date "2014.02.10"]
[Round "7"]
[White "Christophersen, David"]
[Black "Karlsson, Ulf"]
[Result "0-1"]
[WhiteElo "1694"]
[BlackElo "1986"]
[PlyCount "48"]
[EventDate "2014.??.??"]
[EventType "swiss"]
[EventRounds "3"]
[EventCountry "DEN"]
[SourceDate "2014.02.10"]

1. d4 d5 2. c4 e6 3. Nc3 c5 4. e3 Nf6 5. Nf3 Nc6 6. b3 cxd4 7. Nxd4 Bb4 8. Nxc6
Bxc3+ 9. Bd2 Bxd2+ 10. Qxd2 bxc6 11. Qb4 Qe7 12. Qa4 Bd7 13. Rc1 O-O 14. c5 e5
15. Be2 Ne4 16. O-O Qg5 17. Rc2 f5 18. f4 Qe7 19. Bd3 Rf6 20. Qb4 exf4 21. exf4
Be8 22. Re2 Qxc5+ 23. Qxc5 Nxc5 24. Bb1 Ne4 0-1

[Event "Bronshoj Lang Weekend 2014"]
[Site "Bronshoj"]
[Date "2014.02.10"]
[Round "7"]
[White "Jensen, Jonbert"]
[Black "Kuehn, Morten"]
[Result "0-1"]
[WhiteElo "1400"]
[BlackElo "1803"]
[PlyCount "46"]
[EventDate "2014.??.??"]
[EventType "swiss"]
[EventRounds "3"]
[EventCountry "DEN"]
[SourceDate "2014.02.10"]

1. e4 c5 2. Nf3 Nc6 3. d4 cxd4 4. Nxd4 Nf6 5. Nc3 g6 6. Bc4 Bg7 7. O-O O-O 8.
Nxc6 bxc6 9. e5 Ne8 10. f4 d5 11. exd6 exd6 12. Qf3 d5 13. Bd3 Nd6 14. Be3 d4
15. Qxc6 Bb7 16. Qc5 dxe3 17. Qxe3 Nf5 18. Qd2 Bd4+ 19. Kh1 Ne3 20. Rf2 Ng4 21.
Nd1 Qh4 22. h3 Qxh3+ 23. Kg1 Qxg2# 0-1

[Event "Bronshoj Lang Weekend 2014"]
[Site "Bronshoj"]
[Date "2014.02.10"]
[Round "7"]
[White "Schmidt, Horst Hubert"]
[Black "Pedersen, Thorben Landstrom"]
[Result "1-0"]
[WhiteElo "1663"]
[BlackElo "1466"]
[PlyCount "65"]
[EventDate "2014.??.??"]
[EventType "swiss"]
[EventRounds "3"]
[EventCountry "DEN"]
[SourceDate "2014.02.10"]

1. e4 e5 2. Nf3 d6 3. Bc4 Be7 4. d3 Bg4 5. h3 Bh5 6. Nc3 c6 7. g4 Bg6 8. h4 h6
9. Bd2 a5 10. a3 Nf6 11. Rg1 Nbd7 12. h5 Bh7 13. g5 hxg5 14. Nxg5 d5 15. exd5
cxd5 16. Bb3 Nb6 17. Nxh7 Rxh7 18. Qf3 Qd7 19. O-O-O O-O-O 20. Rde1 Bd6 21. h6
e4 22. dxe4 dxe4 23. Nxe4 Nxe4 24. Qxe4 g6 25. Bxa5 Bc5 26. Rd1 Re8 27. Rxd7
Rxe4 28. Rxf7 Rxh6 29. Bxb6 Bxb6 30. Rf6 Ba5 31. c3 Bd8 32. Rf8 Re5 33. Rd1 1-0

[Event "Bronshoj Lang Weekend 2014"]
[Site "Bronshoj"]
[Date "2014.02.10"]
[Round "7"]
[White "Marthedal, Anton Mehmet Yildiz"]
[Black "Kokholm, Daniel"]
[Result "0-1"]
[WhiteElo "1738"]
[BlackElo "1845"]
[PlyCount "80"]
[EventDate "2014.??.??"]
[EventType "swiss"]
[EventRounds "3"]
[EventCountry "DEN"]
[SourceDate "2014.02.10"]

1. Nf3 d6 2. d4 f5 3. Bf4 Nf6 4. e3 g6 5. Nbd2 Nh5 6. c3 c6 7. b4 Bg7 8. Bc4 e6
9. Qb3 Qe7 10. O-O h6 11. h3 g5 12. Bg3 O-O 13. Rae1 Kh8 14. a4 Nxg3 15. fxg3
d5 16. Be2 Qc7 17. Kh2 Bf6 18. Ng1 Be7 19. Bh5 Nd7 20. Rf2 Bd6 21. Nf1 Nf6 22.
Bd1 Ne4 23. Rfe2 Nxg3 24. Nxg3 Bxg3+ 25. Kh1 Bxe1 26. Rxe1 Qg3 27. Rf1 Kg7 28.
Nf3 g4 29. Rg1 Kh8 30. hxg4 fxg4 31. Nh2 e5 32. dxe5 Rg8 33. c4 Be6 34. cxd5
cxd5 35. Qc3 Rac8 36. Qd4 b6 37. e4 Rc4 38. Qd2 Rg5 39. Rf1 Rh5 40. Rf8+ Kg7
0-1

[Event "Bronshoj Lang Weekend 2014"]
[Site "Bronshoj"]
[Date "2014.02.10"]
[Round "7"]
[White "Ohayv, Nikolaj"]
[Black "Chernyak, Viktoria"]
[Result "0-1"]
[WhiteElo "1760"]
[BlackElo "2018"]
[PlyCount "72"]
[EventDate "2014.??.??"]
[EventType "swiss"]
[EventRounds "3"]
[EventCountry "DEN"]
[SourceDate "2014.02.10"]

1. e4 c5 2. Nc3 d6 3. f4 Nc6 4. Nf3 g6 5. g3 Bg7 6. Bg2 Nf6 7. d3 O-O 8. O-O
Rb8 9. Ne2 b5 10. h3 Bd7 11. g4 Qc7 12. Ng3 b4 13. g5 Ne8 14. h4 Bg4 15. Qd2
Qd7 16. Nh2 Bh3 17. f5 Bxg2 18. Qxg2 Ne5 19. h5 Nc7 20. f6 Bh8 21. Bd2 Ne6 22.
Rae1 Qd8 23. hxg6 hxg6 24. Bf4 exf6 25. gxf6 Bxf6 26. Nh5 Ng7 27. Nxf6+ Qxf6
28. Bxe5 Qxe5 29. Ng4 Qd4+ 30. Re3 Nh5 31. Kh1 Kg7 32. Rh3 Rh8 33. Ne3 Ng3+ 34.
Qxg3 Rxh3+ 35. Qxh3 Rh8 36. Nf5+ gxf5 0-1

[Event "Bronshoj Lang Weekend 2014"]
[Site "Bronshoj"]
[Date "2014.02.10"]
[Round "7"]
[White "Nielsen, Viktor Haarmark"]
[Black "Henriksen, Christian Steen"]
[Result "1-0"]
[WhiteElo "2007"]
[BlackElo "1679"]
[PlyCount "105"]
[EventDate "2014.??.??"]
[EventType "swiss"]
[EventRounds "3"]
[EventCountry "DEN"]
[SourceDate "2014.02.10"]

1. e4 e6 2. d4 d5 3. Nd2 c5 4. c3 Nc6 5. Ngf3 dxe4 6. Nxe4 cxd4 7. cxd4 Bb4+ 8.
Nc3 Nf6 9. Bd3 a6 10. O-O O-O 11. a3 Be7 12. Bc2 Qc7 13. Qd3 Rd8 14. Bg5 g6 15.
Ne4 Nxe4 16. Bxe7 Qxe7 17. Qxe4 Qf6 18. Rad1 Ne7 19. Ne5 Nd5 20. Bb3 Rd6 21.
Rd3 Qg7 22. Rc1 f6 23. Nf3 Bd7 24. Bxd5 exd5 25. Qf4 Rc6 26. Rxc6 Bxc6 27. Nd2
Re8 28. Re3 Qf7 29. f3 Re7 30. Kf2 Kg7 31. Rxe7 Qxe7 32. Qe3 Kf7 33. Qxe7+ Kxe7
34. Nf1 h5 35. f4 Ke6 36. Ne3 Bb5 37. Ke1 a5 38. Kd2 Bc4 39. Kc3 b5 40. h3 Be2
41. b3 h4 42. Kd2 Bh5 43. Ke1 Kd6 44. Kf2 Ke6 45. b4 a4 46. g4 hxg3+ 47. Kxg3
Be2 48. f5+ gxf5 49. Kf4 Bh5 50. Nxf5 Bg6 51. Ne3 Be4 52. h4 Bd3 53. Nd1 1-0

[Event "Bronshoj Lang Weekend 2014"]
[Site "Bronshoj"]
[Date "2014.02.10"]
[Round "7"]
[White "Marshall, Michael"]
[Black "Andreasen, Rene"]
[Result "1/2-1/2"]
[WhiteElo "1839"]
[BlackElo "1768"]
[PlyCount "71"]
[EventDate "2014.??.??"]
[EventType "swiss"]
[EventRounds "3"]
[EventCountry "DEN"]
[SourceDate "2014.02.10"]

1. c4 e5 2. g3 d6 3. Bg2 f5 4. Nc3 c6 5. d3 Nf6 6. e4 Be7 7. Nge2 O-O 8. O-O
Qe8 9. b4 Qh5 10. f3 Kh8 11. exf5 Qxf5 12. b5 d5 13. bxc6 bxc6 14. cxd5 cxd5
15. Rb1 Ba6 16. Nb5 Qd7 17. a4 Nc6 18. f4 Bc5+ 19. Kh1 Ng4 20. Qe1 Rae8 21. h3
Ne3 22. Bxe3 Bxe3 23. fxe5 Nxe5 24. Qb4 Rf2 25. Rxf2 Bxf2 26. Rf1 Nxd3 27. Qa3
Bxb5 28. axb5 Qe7 29. Qxd3 Qxe2 30. Qxd5 Bxg3 31. Qc5 g6 32. Rf8+ Kg7 33. Rxe8
Qxe8 34. Qxa7+ Kh6 35. Qd4 Bb8 36. b6 1/2-1/2

[Event "Bronshoj Lang Weekend 2014"]
[Site "Bronshoj"]
[Date "2014.02.10"]
[Round "7"]
[White "Moller, Arne Vagn"]
[Black "Krull, Carl"]
[Result "0-1"]
[WhiteElo "1783"]
[BlackElo "1660"]
[PlyCount "112"]
[EventDate "2014.??.??"]
[EventType "swiss"]
[EventRounds "3"]
[EventCountry "DEN"]
[SourceDate "2014.02.10"]

1. e4 e5 2. Nf3 Nc6 3. Bb5 a6 4. Ba4 Bc5 5. O-O d6 6. c3 b5 7. Bc2 Bg4 8. d3
Nge7 9. Be3 O-O 10. Nbd2 Ng6 11. h3 Bxf3 12. Nxf3 Bxe3 13. fxe3 a5 14. d4 Qe7
15. b3 Nd8 16. Qd2 Ne6 17. Rf2 c5 18. Raf1 b4 19. cxb4 axb4 20. Bd3 f6 21. Bc4
Kh8 22. Bd5 Ra7 23. h4 Rd8 24. h5 Ngf8 25. Nh4 exd4 26. exd4 Nxd4 27. h6 Nd7
28. hxg7+ Qxg7 29. Qf4 Ne5 30. Qxf6 Qxf6 31. Rxf6 Rxa2 32. Rf8+ Rxf8 33. Rxf8+
Kg7 34. Rg8+ Kf6 35. Rh8 Ng4 36. g3 Ne2+ 37. Kg2 Ne3+ 38. Kf3 Nxd5 39. exd5
Nd4+ 40. Ke4 Nxb3 41. Rxh7 Nd2+ 42. Kf4 b3 43. Rh6+ Kf7 44. Nf5 b2 45. Nxd6+
Kf8 46. Rf6+ Kg8 47. Rg6+ Kh7 48. Kg5 b1=Q 49. Rh6+ Kg7 50. Ne8+ Kf7 51. Nd6+
Ke7 52. Nf5+ Kd7 53. Rd6+ Kc8 54. Ne7+ Kb7 55. Rd7+ Ka6 56. Nc6 c4 0-1

[Event "Bronshoj Lang Weekend 2014"]
[Site "Bronshoj"]
[Date "2014.02.10"]
[Round "7"]
[White "Mouritsen, Jan"]
[Black "Jorgensen, Orla Eilegaard"]
[Result "1/2-1/2"]
[WhiteElo "1824"]
[BlackElo "1449"]
[PlyCount "103"]
[EventDate "2014.??.??"]
[EventType "swiss"]
[EventRounds "3"]
[EventCountry "DEN"]
[SourceDate "2014.02.10"]

1. d4 d5 2. Nf3 Nf6 3. c4 Bg4 4. Ne5 Bf5 5. e3 e6 6. Bd3 Bxd3 7. Qxd3 Nbd7 8.
Nxd7 Qxd7 9. b3 c5 10. O-O b6 11. Nc3 cxd4 12. exd4 Be7 13. Bg5 O-O 14. Rfe1
Rfe8 15. Re2 Rad8 16. Rd1 dxc4 17. bxc4 h6 18. Bh4 Nh5 19. Bg3 Nxg3 20. hxg3
Bf6 21. d5 Bxc3 22. Qxc3 Qa4 23. Rde1 Qd7 24. dxe6 Rxe6 25. Rxe6 fxe6 26. Qe5
Re8 27. c5 bxc5 28. Qxc5 Qd2 29. Re3 Qxa2 30. Qb4 Qd5 31. Qa4 Rd8 32. Re1 a5
33. Qg4 Rd6 34. Kh2 Ra6 35. Rd1 Qf5 36. Rd8+ Kh7 37. Qc4 Rb6 38. f4 Rb1 39. Qe2
a4 40. Rd6 a3 41. Rxe6 a2 42. g4 Qxf4+ 43. g3 Rh1+ 44. Kxh1 a1=Q+ 45. Kh2 Qf7
46. Qe4+ Kg8 47. Re8+ Qxe8 48. Qxe8+ Kh7 49. g5 hxg5 50. Qh5+ Kg8 51. Qe8+ Kh7
52. Qh5+ 1/2-1/2

[Event "Bronshoj Lang Weekend 2014"]
[Site "Bronshoj"]
[Date "2014.02.10"]
[Round "7"]
[White "Pedersen, Bo V"]
[Black "Kyrkjebo, Eirik"]
[Result "1/2-1/2"]
[WhiteElo "1312"]
[BlackElo "1693"]
[PlyCount "125"]
[EventDate "2014.??.??"]
[EventType "swiss"]
[EventRounds "3"]
[EventCountry "DEN"]
[SourceDate "2014.02.10"]

1. d4 d5 2. c4 c6 3. Nf3 Nf6 4. Nc3 Qc7 5. Bg5 Nbd7 6. e3 Ne4 7. Bf4 Qa5 8. Qb3
e6 9. Bd3 Ndf6 10. h3 Bb4 11. Rc1 O-O 12. O-O Bd6 13. Bxd6 Nxd6 14. c5 Nde4 15.
a3 Qc7 16. Qc2 Nxc3 17. Qxc3 Ne4 18. Qc2 Nf6 19. b4 a6 20. a4 h6 21. b5 axb5
22. axb5 Qa5 23. bxc6 bxc6 24. Ne5 Bd7 25. Qc3 Rfb8 26. Qxa5 Rxa5 27. Rb1 Raa8
28. Rxb8+ Rxb8 29. Rb1 Rxb1+ 30. Bxb1 Kf8 31. Bc2 Ke8 32. Ba4 Ng8 33. Bxc6 Bxc6
34. Nxc6 f6 35. Nb4 Ne7 36. g4 Kd7 37. Kg2 g5 38. Kg3 f5 39. Nd3 Nc6 40. f4 Ke7
41. h4 Kf6 42. hxg5+ hxg5 43. gxf5 Kxf5 44. fxg5 Kxg5 45. Kf3 Kf5 46. Nf4 Nb4
47. Ne2 Nc6 48. Ng3+ Kg5 49. Ne2 Kf5 50. Nc3 Kf6 51. Ke2 Kf5 52. Kd2 Kf6 53.
Nb5 Kf5 54. Nd6+ Kf6 55. Kc3 Ke7 56. e4 dxe4 57. Nxe4 Kd7 58. Nd2 Ne7 59. Nf3
Nd5+ 60. Kc4 Nc7 61. Ne5+ Ke7 62. Nc6+ Kd7 63. Ne5+ 1/2-1/2

[Event "Bronshoj Lang Weekend 2014"]
[Site "Bronshoj"]
[Date "2014.02.10"]
[Round "7"]
[White "Kyrkjebo, Hanna Bakken"]
[Black "Olsen, Michael Richard W"]
[Result "0-1"]
[WhiteElo "1672"]
[BlackElo "1933"]
[PlyCount "128"]
[EventDate "2014.??.??"]
[EventType "swiss"]
[EventRounds "3"]
[EventCountry "DEN"]
[SourceDate "2014.02.10"]

1. e4 e6 2. d3 d5 3. Nd2 Nf6 4. Ngf3 Be7 5. g3 O-O 6. Bg2 c5 7. O-O Nc6 8. Re1
Rb8 9. e5 Nd7 10. Nf1 Re8 11. h4 f6 12. exf6 gxf6 13. d4 cxd4 14. Nxd4 Nxd4 15.
Qxd4 Nb6 16. Bh6 e5 17. Qd2 Be6 18. c3 Qc7 19. Ne3 Rbd8 20. Qe2 Rd7 21. Ng4 Qc4
22. Bh3 Qxe2 23. Rxe2 Nc4 24. Rae1 Rd6 25. b3 Na5 26. Be3 Bxg4 27. Bxg4 b6 28.
Bd2 Nc6 29. Bc1 Rdd8 30. Bh5 a5 31. Bxe8 Rxe8 32. Rd1 Rd8 33. Kg2 Kf7 34. Bb2
h5 35. Red2 Ke6 36. a4 Nb8 37. Ra1 Bf8 38. Re2 Na6 39. Ba3 Bh6 40. Bc1 Bf8 41.
Be3 Bc5 42. Bxc5 bxc5 43. Rd1 Rb8 44. Red2 Nc7 45. Rb1 Na6 46. c4 d4 47. f3 Nc7
48. Rd3 Ne8 49. Re1 Nd6 50. Kh3 f5 51. Rb1 e4 52. fxe4 fxe4 53. Rdd1 Nf5 54.
Re1 Ke5 55. Kg2 Rg8 56. Kf2 Rxg3 57. Rg1 Rf3+ 58. Ke2 Ng3+ 59. Kd2 d3 60. Rbe1
Kd4 61. Kd1 e3 62. Rxg3 Rxg3 63. Rh1 Rg2 64. Kc1 Kc3 0-1

[Event "Bronshoj Lang Weekend 2014"]
[Site "Bronshoj"]
[Date "2014.02.10"]
[Round "7"]
[White "Kyrkjebo, Marte Bakken"]
[Black "Ulrich, Thomas"]
[Result "0-1"]
[WhiteElo "1719"]
[BlackElo "2026"]
[PlyCount "140"]
[EventDate "2014.??.??"]
[EventType "swiss"]
[EventRounds "3"]
[EventCountry "DEN"]
[SourceDate "2014.02.10"]

1. e4 e5 2. Nf3 Nc6 3. Nc3 Nf6 4. a3 g6 5. d4 exd4 6. Nxd4 Bg7 7. Be3 Qe7 8.
Nxc6 bxc6 9. Bd3 O-O 10. O-O d6 11. Qd2 Re8 12. Bh6 Bh8 13. f4 Rb8 14. Rab1 Bb7
15. f5 Ng4 16. Bg5 Bf6 17. Bxf6 Nxf6 18. Kh1 c5 19. Rbe1 Nd7 20. Nd5 Bxd5 21.
exd5 Ne5 22. f6 Qf8 23. b3 h5 24. a4 Kh7 25. Bb5 Red8 26. Qa5 Rb7 27. Qd2 Qh6
28. Qxh6+ Kxh6 29. h3 Rb6 30. Re3 a6 31. Bd3 c6 32. Be4 cxd5 33. Bxd5 a5 34.
Rf4 Kg5 35. g3 Rh8 36. h4+ Kh6 37. Re1 Rc8 38. Ree4 Rb4 39. Rxb4 cxb4 40. Rf2
Rc3 41. Kg2 Ng4 42. Rd2 Rc7 43. Bf3 Nxf6 44. Rxd6 Rxc2+ 45. Kh3 Kg7 46. Rd3 Rc3
47. Be2 Ne4 48. Kg2 Rc2 49. Kf3 Nc5 50. Re3 Kf6 51. Bd1 Rc1 52. Be2 Kg7 53. Kf2
f6 54. Re7+ Kh6 55. Re3 g5 56. hxg5+ fxg5 57. Kg2 Rc3 58. Kf2 Rxe3 59. Kxe3
Nxb3 60. Bb5 Nc1 61. Kd2 Na2 62. Kc2 h4 63. gxh4 gxh4 64. Bd7 Kg5 65. Kb3 Nc3
66. Kc4 Kf4 67. Kc5 b3 68. Be8 b2 69. Bg6 h3 70. Kc4 b1=Q 0-1